| 000 | 00551nam a22002177a 4500 | ||
|---|---|---|---|
| 003 | Nust | ||
| 005 | 20210928162655.0 | ||
| 008 | 170206b xxu||||| |||| 00| 0 eng d | ||
| 020 | _a9780-07-1271899 | ||
| 038 | _aKhadija | ||
| 040 | _cc | ||
| 082 |
_a620.00425 _bDIE |
||
| 100 |
_aDieter, George E. _918864 |
||
| 245 |
_aEngineering Design / _cGeorge E. Dieter and Linda C. Schmidt |
||
| 250 | _a4th ed. | ||
| 260 |
_aBoston : _bMcGraw-Hill, _c2009. |
||
| 300 |
_a(i-v) p. ; _c24 cm. |
||
| 500 | _aPaperback. | ||
| 563 | _aPB | ||
| 942 |
_cBK _2ddc |
||
| 999 |
_c32230 _d32230 |
||